Bilecik Bilecik Bilecik Bilecik Bilecik

Görsel baskı öncesi hazırlık ve üretim sözlüğü/ (Record no. 63015)

MARC details
000 -BAŞLIK
Sabit Uzunluktaki Kontrol Alanı 01397nam a22003977a 4500
001 - KONTROL NUMARASI
Control Dosyası 0063219
003 - KONTROL NUMARASI KİMLİĞİ
Kontrol Alanı KOHA_MİRAKIL
005 - EN SON İŞLEM TARİHİ ve ZAMANI
Kontrol Alanı 20260207004436.0
007 - FİZİKSEL TANIM SABİT ALAN - GENEL BİLGİ
Sabit uzunluklu kontrol alanı
008 - SABİT UZUNLUKTAKİ VERİ ÖGELERİ - GENEL BİLGİ
Sabit Alan 181204b2012 tu a|||grd|||#0|||0|tur |
020 ## - ISBN - ULUSLARARASI STANDART KİTAP NUMARASI
Isbn 9789750405686
Kullanılabilirlik koşulları xxxxx
040 ## - KATALOGLAMA KAYNAĞI
Özgün Kataloglama Kurumu TR-BiSEU
Kataloglama Dili tur
Çeviri Kurumu TR-BiSEU
Açıklama Kuralları rda
041 0# - DİL KODU
Metin ya da ses kaydının dil kodu tur
044 ## - YAYINLAYAN/ÜRETEN KURULUŞUN ÜLKE KODU
ISO country code tu
050 ## - SINIFLAMA ve YER NUMARASI
Sınıflama Numarası Z118
Yer Numarası .A43 2012
100 1# - KİŞİ ADI
Yazar Adı (Kişi adı) Ambrose, Gavin.
240 10 - TEK BİÇİM BAŞLIK
Tekbiçim Başlık <a href="The visual dictionary of pre-press & production.">The visual dictionary of pre-press & production.</a>
Language of a work Türkçe
245 1# - ESER ADI BİLDİRİMİ
Başlık Görsel baskı öncesi hazırlık ve üretim sözlüğü/
Sorumluluk Bildirimi Gavin Ambrose ; Gavin Ambrose, Paul Harris ; çeviren Mehmet Emir Uslu, Candan Cengiz.
264 #1 - ÜRERİM, YAYIN, DAĞITIM ve TELİF BİLDİRİMİ
Yayın yeri İstanbul :
Yayınlayan Literatür Yayınları
Yayın tarihi 2012
300 ## - FİZİKSEL TANIMLAMA
Sayfa, Cilt vb. 304 sayfa :
Diğer fiziki detaylar resimli ;
Boyutları 16 cm.
336 ## - İÇERİK TÜRÜ
Content type term metin
Content type code txt
Source rdacontent
337 ## - MEDYA TÜRÜ
Media type term aracısız
Media type code n
Source rdamedia
338 ## - TAŞIYICI TÜRÜ
Carrier type term cilt
Carrier type code nc
Source rdacarrier
490 1# - DİZİ BİLDİRİMİ
Dizi Bildirimi Literatür yayınları ;
Cilt Numarası 649.
490 1# - DİZİ BİLDİRİMİ
Dizi Bildirimi Görsel sözlükler dizisi ;
Cilt Numarası 08
500 ## - GENEL NOT
Genel Not Özgün adı: The visual dictionary of pre-press & production.
500 ## - GENEL NOT
Genel Not Dizin var.
650 #0 - KONU BAŞLIĞI EK GİRİŞ - KONU TERİMİ
Konusal terim veya coğrafi ad Basım--Sözlükler.
9 (RLIN) 117451
650 #0 - KONU BAŞLIĞI EK GİRİŞ - KONU TERİMİ
Konusal terim veya coğrafi ad Basım--Terminoloji.
9 (RLIN) 117452
650 #0 - KONU BAŞLIĞI EK GİRİŞ - KONU TERİMİ
Konusal terim veya coğrafi ad Printing--Dictionaries.
9 (RLIN) 117453
650 #0 - KONU BAŞLIĞI EK GİRİŞ - KONU TERİMİ
Konusal terim veya coğrafi ad Printing--Terminology.
9 (RLIN) 117454
830 1# - SERİ EK GİRİŞİ - TEKBİÇİM ESER ADI
Tekbiçim Başlık Literatür yayınları ;
Volume number/sequential designation 649.
9 (RLIN) 2210
830 1# - SERİ EK GİRİŞİ - TEKBİÇİM ESER ADI
Tekbiçim Başlık Görsel sözlükler dizisi ;
Volume number/sequential designation 08
9 (RLIN) 116771
907 ## - LOCAL DATA ELEMENT G, LDG (RLIN)
a Sözlük
942 ## - EK GİRİŞ ÖGELERİ (KOHA)
Source of classification or shelving scheme Library of Congress Classification
Koha item type Book
Holdings
Materyal Türü Kalıcı Konum Mevcut Konum Raf Yeri Koleksiyon Kodu Sınıflandırma Kaynağı Edinim Bilgisi Ana Konular Alt Konular Yer Numarası Demirbaş Numarası Fatura Tarihi Geri Çekilme Durumu Kayıp Durumu Hasarlı Durumu Kredi için değil Kayıt Tarih Toplam Ödünçverme Son Görülme Tarihi Son Kontrol Tarihi
Danışma Kaynakları Prof. Dr. Azmi Özcan Kütüphanesi Prof. Dr. Azmi Özcan Kütüphanesi Birûni Salonu Referans Library of Congress Classification Satın BİBLİYOGRAFYA, KÜTÜPHANE BİLİMİ Kitaplar (Genel), Yazı, Kütüphaneler, Bibliyografya Z118 .A43 2012 0063219 02/02/2026       Ödünç verilmez 04/12/2018   13/11/2025 13/11/2025